000 02259cam a22003738i 4500
001 22017534
003 OSt
005 20250617150832.0
008 210430s2022 njua b 000 0 eng
010 _a 2021009805
020 _a9781800610156
_q(hardcover)
020 _z9781800610163
_q(ebook)
020 _z9781800610170
_q(ebook other)
040 _aDLC
_beng
_erda
_cDLC
_dDLC
042 _apcc
050 0 0 _aQD172.R2
_bL28 2022
082 0 0 _a546/.41
_223
245 0 4 _aThe lanthanides and actinides :
_bsynthesis, reactivity, properties and applications /
_ceditors, Stephen T. Liddle, David P. Mills, Louise S. Natrajan,
264 1 _aNew Jersey :
_bWorld Scientific,
_c[2022]
300 _axxi, 704 pages :
_billustrations ;
_c24 cm
336 _atext
_btxt
_2rdacontent
337 _aunmediated
_bn
_2rdamedia
338 _avolume
_bnc
_2rdacarrier
504 _aIncludes bibliographical references.
520 _a"The Lanthanides and Actinides: Synthesis, Reactivity, Properties and Applications constitutes an introduction to and comprehensive coverage of f-block chemistry encompassing the following areas: periodicity, natural occurrence and extraction, separations, electronic structure, coordination chemistry, organometallic chemistry, small molecule activation, catalysis, organic synthesis applications, magnetism, spectroscopy, computation, materials, photonics, solar cell technology, biological imaging, and technological applications. Under these subject areas the book provides a broad but deep coverage, providing basic overviews as well as detailed chapters on specific areas. This book, targeted at academics, postgraduates and advanced undergraduates, will serve as an ideal introductory text and key reference work to the Lanthanides and Actinides"--
_cProvided by publisher.
650 0 _aRare earth metals.
650 0 _aActinide elements.
700 1 _aLiddle, Stephen T.
_q(Stephen Taylor),
_eeditor.
700 1 _aMills, David P.,
_eeditor.
700 1 _aNatrajan, Louise S.,
_eeditor.
906 _a7
_bcbc
_corignew
_d1
_eecip
_f20
_gy-gencatlg
942 _2lcc
_cBK
999 _c20746
_d20745